FIFA 18 Soundtrack - Statistics

General Stats
  • This quiz has been taken 36 times
  • The average score is 17 of 40
Answer Stats
Artist Song % Correct
Jason Derulo C{olors}
91%
Kovic D{rown}
77%
Avelino feat. Skepta and Stormzy E{nergy}
77%
Tom Grennan F{ound} {What} {I've} {Been} {Looking} {For}
77%
Tash Sultana J{ungle}
77%
Portugal. The Man L{ive} {In} {The} {Moment}
77%
Lorde S{upercut}
77%
Sofi Tukker feat. NERVO, The Knocks, and Alisa UENO B{est} {Friend}
73%
Rex Orange County N{ever} {Enough}
64%
The xx D{angerous}
59%
BØRNS F{aded} {Heart}
59%
Mondo Cozmo A{utomatic}
55%
Sir Sly &{Run}
55%
Superorganism S{omething} {For} {Your} {M}.{I}.{N}.{D}.
55%
Oliver feat. De La Soul H{eart} {Attack}
50%
Bad Sounds W{ages}
50%
RAC feat. St. Lucia B{eautiful} {Game}
45%
Baloji L'{Hiver} {Indien}
45%
Mura Masa feat. Tom Tripp H{elpline}
41%
IDER K{ing} {Ruby}
41%
ODESZA L{a} {Ciudad}
41%
alt-J D{eadcrush}
36%
Kimbra T{op} {Of} {The} {World}
32%
Sneakbo feat. Giggs A{ctive}
27%
Off Bloom F{alcon} {Eye}
27%
Run The Jewels M{ean} {Demeanor}
27%
Toothless S{isyphus}
27%
Perfume Genius S{lip} {Away}
27%
The War On Drugs H{olding} {On}
23%
Slowdive S{tar} {Roving}
23%
The Amazons S{tay} {With} {Me}
23%
Phantoms T{hrow} {It} {In} {The} {Fire}
23%
Témé Tan Ç{a} {Va} {Pas} {La} {Tête}?
18%
Vessels feat. The Flaming Lips D{eflect} {The} {Light}
18%
Outsider M{iol} {Mor} {Mara}
18%
The National T{he} {System} {Only} {Dreams} {In} {Total} {Darkness}
18%
Washed Out G{et} {Lost}
14%
Cut Copy (Radio Edit) S{tanding} {In} {The} {Middle} {Of} {The} {Field}
14%
Django Django T{ic} {Tac} {Toe}
14%
Residente D{agombas} {en} {Tamale}
5%
No matching quizzes found
Score Distribution
Percent of People with Each Score
Percentile by Number Answered
Your Score History
You have not taken this quiz